Country by Air Force Insignia - Statistics

General Stats
  • This quiz has been taken 28 times
  • The average score is 11 of 20
Answer Stats
Picture Answer % Correct
Algeria
100%
Antigua and Barbuda
100%
Australia
100%
Azerbaijan
100%
Bahamas
100%
Bangladesh
100%
Brazil
100%
Bulgaria
100%
Cambodia
100%
Canada
100%
Chile
100%
China
100%
Colombia
100%
Ecuador
100%
Eritrea
100%
Ethiopia
100%
Gabon
100%
Germany
100%
India
100%
Ireland
100%
Israel
100%
Kazakhstan
100%
Kenya
100%
Kyrgyzstan
100%
Mali
100%
Malta
100%
Moldova
100%
Netherlands
100%
New Zealand
100%
Nigeria
100%
North Korea
100%
Panama
100%
Papua New Guinea
100%
Peru
100%
Portugal
100%
Russia
100%
Saudi Arabia
100%
Sierra Leone
100%
Somalia
100%
South Korea
100%
Sri Lanka
100%
Suriname
100%
Switzerland
100%
Taiwan
100%
Thailand
100%
Tunisia
100%
Turkmenistan
100%
Uganda
100%
Ukraine
100%
Venezuela
100%
Vietnam
100%
Zambia
100%
Armenia
80%
Finland
80%
Afghanistan (limited usage)
75%
Benin
75%
Luxembourg
75%
Mongolia
75%
Pakistan
75%
Poland
75%
Estonia
67%
Laos
67%
Latvia
67%
Libya
67%
Morocco
67%
Romania
67%
Slovenia
67%
South Sudan
67%
Cuba
63%
Honduras
60%
Paraguay
60%
Serbia
60%
Togo
60%
Austria
50%
Belgium
50%
Cameroon
50%
Democratic Republic of the Congo
50%
Djibouti
50%
Dominican Republic
50%
Egypt
50%
Equatorial Guinea
50%
France
50%
Ghana
50%
Haiti
50%
Iceland
50%
Italy
50%
Jamaica
50%
Japan
50%
Jordan
50%
Malawi
50%
Malaysia
50%
Mauritania
50%
Montenegro
50%
Senegal
50%
Slovakia
50%
Sudan
50%
Syria
50%
Uzbekistan
50%
Yemen
50%
Belarus
33%
Georgia
33%
Iran
33%
Nicaragua (1979-1990)
33%
Norway
33%
Spain
33%
Albania
25%
Bolivia
25%
Côte d'Ivoire
25%
Qatar
25%
Trinidad and Tobago
25%
Uruguay
25%
Guinea
20%
Lebanon
20%
El Salvador
17%
Angola
0%
Argentina
0%
Bahrain
0%
Botswana
0%
Central African Republic
0%
Chad
0%
Costa Rica
0%
Croatia
0%
Cyprus
0%
Czechia
0%
Denmark
0%
Greece
0%
Guatemala
0%
Guinea-Bissau
0%
Hungary
0%
Indonesia
0%
Iraq
0%
Kuwait
0%
Lesotho
0%
Liberia
0%
Lithuania
0%
Madagascar
0%
Maldives
0%
Mauritius
0%
Mexico
0%
Mongolia
0%
Myanmar
0%
Nepal
0%
Niger
0%
North Macedonia
0%
Philippines
0%
Republic of the Congo
0%
Rwanda
0%
Seychelles
0%
South Africa
0%
Sweden
0%
Tajikistan
0%
Türkiye
0%
United Arab Emirates
0%
United Kingdom
0%
United States
0%
Zimbabwe
0%
No matching quizzes found
Score Distribution
Percent of People with Each Score
Percentile by Number Answered
Your Score History
You have not taken this quiz